| 000 | 00621nam a2200193 a 4500 | ||
|---|---|---|---|
| 005 | 20241109063725.0 | ||
| 008 | 010709s1998 mx r 000 0 spa d | ||
| 020 | _a9686101942 | ||
| 035 | _aUPN01000109390 | ||
| 049 | _aCG | ||
| 050 | 4 |
_aJC571 _bE3.8 |
|
| 245 | 0 | 0 |
_aEducación, paz y derechos humanos : _bensayos y experiencias / _ccoord. Gerardo Pérez Viramontes. |
| 260 |
_aTlaquepaque, Jal. : _bITESO : _bUniversidad Iberoamericana, _c1998. |
||
| 300 | _a222 p. | ||
| 650 | 4 |
_aDerechos humanos _95797 |
|
| 650 | 4 |
_aPaz _xEstudio y enseñanza _94940 |
|
| 700 | 1 |
_aPérez Viramontes, Gerardo, _ecoord. |
|
| 905 | _aLibro | ||
| 999 |
_c83301 _d83301 |
||